000 00974namaa22002171 4500
001 174127
003 ES-MaACL
005 20250815105808.0
008 100223s1912 sp |||| | spa d
100 1 _aJiménez de Cisneros, Daniel.
_9142208
245 1 0 _aGeología y prehistoria de los alrededores de Fuente Alamo (Albacete) /
_cpor Daniel Jiménez de Cisneros.
260 _aMadrid :
_bJunta para Ampliación de Estudios é Investigaciones Científicas, Instituto Nacional de Ciencias Físico-Naturales,
_c1912.
300 _a26 p. ;
_c24 cm.
490 1 _aTrabajos del Museo de Ciencias Naturales ;
_vnº 2
650 4 _aGeología-
_zAlbacete.
_9142209
710 2 _aJunta para la Ampliación de Estudios e Investigaciones Científicas.
_95413
830 0 0 _aTrabajos del Museo Nacional de Ciencias Naturales.
_pSerie geológica
_vnº 2
_9189286
852 _aES-MaACL
_jB-13126(2)
_zEncuadernado con otras obras
942 _2udc
999 _c174127
_d174127